000 00466nam a2200145Ia 4500
008 180921t1892 xxu||||| ||||o00| 0 eng d
041 _aeng
245 _aPapers Laid Before The Legislative Council of Ceylon During The Session of 1891 : Despatches Relating To The Proposed Abolition of The Grain Tax
260 _c1892
300 _ap.285-, 33 cm
500 _aSessional Paper iii-1892
942 _cBK
999 _c51550
_d51550
003 LK-CoDNM
040 _aLK-CoDNM
_dLK-CoDNM
_eLK-CoDNM